Celebrities A-Z - Statistics

General Stats
  • This quiz has been taken 809 times
    806 since last reset
  • The average score is 12 of 26
Answer Stats
Clue Celebrity % Correct
A Hello, Set Fire to the Rain Adele
92%
M Party in the USA, Wrecking Ball Miley Cyrus
82%
T Blank Space, Shake it Off Taylor Swift
81%
B 44th President of the United States Barack Obama
76%
S Chandelier, Cheap Thrills Sia
76%
R FourFiveSeconds, Umbrella Rihanna
72%
U Fastest Man in the World Usain Bolt
72%
Q British Queen Queen Elizabeth
71%
Z Actress, Singer Zendaya
60%
J Harry Potter J.K Rowling
53%
E Talk Show Host (The ...... Show) Ellen DeGeneres
51%
P Little Red Corvette, Purple Rain Prince
49%
O Talk Show Host, Actress Oprah Winfrey
46%
C This is What you Came for, Blame Calvin Harris
42%
V Former Women's Tennis #1 Venus Williams
41%
F Country Singer Faith Hill
33%
H 2016 Democratic Nominee Hillary Clinton
33%
L The Revenant Leonardo di Caprio
32%
I Fancy, Black Widow Iggy Azalea
31%
K Famous American Model Kim Kardashian
31%
N #1 Men's Tennis Player in the World Novak Djokovic
24%
D 2016 GOP Nominee Donald Trump
20%
W Rapper Wiz Khalifa
12%
G U.S. Gymnastics Team Rio 2016 Gabby Douglas
7%
X Bayern Munich Soccer Player Xavi Alonso
3%
Y Russian Pole Vaulter Yelena Isinbayeva
1%
No matching quizzes found
Score Distribution
Percent of People with Each Score
Percentile by Number Answered
Your Score History
You have not taken this quiz since the last reset